| 000 | 00738nam a2200133Ia 4500 | ||
|---|---|---|---|
| 008 | 100328s9999 xx 000 0 und d | ||
| 082 | _b72469 | ||
| 100 | _aखरात उत्तमराव | ||
| 245 | _aतुकारामांचे भावविश्व सोपी केली पायवाट अर्थात करुणावचने | ||
| 260 | _bपायल. | ||
| 630 | _aतुकारामांचे भावविश्व सोपी केली पायवाट अर्थात करुणावचने | ||
| 730 | _aतुकारामांचे भावविश्व सोपी केली पायवाट अर्थात करुणावचने | ||
| 942 | _cBOOK | ||
| 999 |
_c558190 _d558187 |
||